Algoritmy '83 Knižnica algoritmov 7 diel zo sympózia, 11.-15.4. 1983

Na minha lista:
Detalhes bibliográficos
Formato: Livro
Idioma:eslovaco
Publicado em: Bratislava Jednota slovenských matematikov a fyzikov pri SAV-OSVS 1983
Tags: Adicionar Tag
Sem tags, seja o primeiro a adicionar uma tag!

MARC

LEADER 00000nam a2200000 4500
001 c133552
005 20041019155258.5
041 0 |a slo 
044 |a SK 
245 1 0 |a Algoritmy '83  |b Knižnica algoritmov 7 diel zo sympózia, 11.-15.4. 1983 
264 1 |a Bratislava  |b Jednota slovenských matematikov a fyzikov pri SAV-OSVS  |c 1983 
300 |a 514 s.